Women empowerment / (Record no. 151663)

MARC details
000 -LEADER
fixed length control field 00619nam a22001937a 4500
005 - DATE AND TIME OF LATEST TRANSACTION
control field 20180423114222.0
010 ## - LCCN (DPL NO)
LC control number ENG-122743
020 ## - INTERNATIONAL STANDARD BOOK NUMBER
International Standard Book Number 9788181523648
Terms of availability 1495.00
035 ## - SYSTEM CONTROL NUMBER
System control number EN-106275
037 ## - SOURCE OF ACQUISITION
Source of stock number/acquisition DBAD/PUB.
082 ## - DEWEY DECIMAL CLASSIFICATION NUMBER
Classification number 305.42
100 ## - MAIN ENTRY--PERSONAL NAME
Personal name Reddy, G. Vidya Sagar
245 ## - TITLE STATEMENT
Title Women empowerment /
Statement of responsibility, etc by G. Vidya Sagar Reddy
260 ## - PUBLICATION, DISTRIBUTION, ETC. (IMPRINT)
Place of publication, distribution, etc Jaipur
Name of publisher, distributor, etc Book Enclave
Date of publication, distribution, etc 2015
270 ## - ADDRESS
Address F-11, S.S. Tower, Dhamani Street, Chaura Rasta,
City Jaipur
Postal code 302003
Telephone number +91-141-2311900
Electronic mail address bookenclave@yahoo.com
300 v# - PHYSICAL DESCRIPTION
Extent 290p.
Dimensions 22cm.(Hb)
Other physical details ill.
500 ## - GENERAL NOTE
General note It include index
942 ## - ADDED ENTRY ELEMENTS (KOHA)
Source of classification or shelving scheme Dewey Decimal Classification
Item type English Books
Call number suffix RED
Classification part 305.42
Holdings
Withdrawn status Lost status Not for loan Collection code Home library Current library Date acquired Source of acquisition Cost, normal purchase price Full call number Barcode Copy number Cost, replacement price Koha item type
    Not For Loan Non-fiction D.B.Act.Division Sarojini Nagar 23/04/2018 DBAD/PUB 1495.00 305.42 RED EN-106275 1 1495.00 English Books

© Delhi Public Library
Hit Counter
free hit counter